000 00506 a2200169 4500
001 189470
020 _a978-85-7631-109-6
040 _cMagnum
100 _aMinistério das Relações Exteriores
240 1 0 _aBrazilian foreign policy handbook
_lING
245 1 0 _aBrazilian foreign policy handbook
300 _a348
362 0 _a2008
440 1 _aFundação Alexandre de Gusmão
697 _aRELALÇÕES INTERNACIONAIS, POLÍTICA MUNDIAL. POLÍTICA INTERNACIONAL. POLÍTICA EXTERNA
942 _cBK
999 _c189470
_d189470